000 00663nam a2200217 a 4500
001 BRL_139
005 20190320210615.0
008 181012s19uu----enkf######---#000-0#spa-#
041 _aeng
044 _aenk
050 4 _aNE1321
_b.J37 1900
245 1 0 _aJapanese landscape prints
_bof the ninteenth century
_cintroduction and notes by B. W. Robinson.
260 _aLondon
_bFaber and Faber
_c[19--]
300 _a1957
_bil., 10 láminas
_c31 cm.
440 0 _aThe Faber gallery of oriental art
_v10
_923018
500 _aAu169
650 1 4 _aGrabados japoneses
_xPaisajes
_ySiglo XIX
_923019
700 1 _aRobinson, B. W.
_923020
902 _aGRL
942 _2lcc
_cB
999 _c8952
_d8952